Faruqi's law dictionary : (Record no. 25938)
[ view plain ]
| 000 -LEADER | |
|---|---|
| fixed length control field | 01488cam a22003135a 4500 |
| 001 - CONTROL NUMBER | |
| control field | 14248717 |
| 005 - DATE AND TIME OF LATEST TRANSACTION | |
| control field | 20180719134858.0 |
| 008 - FIXED-LENGTH DATA ELEMENTS--GENERAL INFORMATION | |
| fixed length control field | 060131r20142008le frd 000 0 mul d |
| 010 ## - LIBRARY OF CONGRESS CONTROL NUMBER | |
| LC control number | 2006324227 |
| 020 ## - INTERNATIONAL STANDARD BOOK NUMBER | |
| International Standard Book Number | 9953103003 |
| 020 ## - INTERNATIONAL STANDARD BOOK NUMBER | |
| International Standard Book Number | 9789953103006 |
| 040 ## - CATALOGING SOURCE | |
| Original cataloging agency | DLC |
| Language of cataloging | eng |
| Transcribing agency | DLC |
| Modifying agency | EG-ScBUE |
| -- | EG-ScBUE |
| 041 0# - LANGUAGE CODE | |
| Language code of text/sound track or separate title | eng |
| -- | ara |
| 082 04 - DEWEY DECIMAL CLASSIFICATION NUMBER | |
| Classification number | 340.03 |
| Item number | FAR |
| Edition number | 22 |
| 100 1# - MAIN ENTRY--PERSONAL NAME | |
| Personal name | Faruqi, Harith Sulayman. |
| 245 10 - TITLE STATEMENT | |
| Title | Faruqi's law dictionary : |
| Remainder of title | English-Arabic : meanings and definitions of terms of English and American jurisprudence (ancient and modern), forensic medicine, commerce, banking, insurance, civil aviation, diplomacy and petroleum / |
| Statement of responsibility, etc | by Harith Suleiman Faruqi. |
| 246 30 - VARYING FORM OF TITLE | |
| Title proper/short title | Law dictionary |
| 246 35 - VARYING FORM OF TITLE | |
| Title proper/short title | المعجم القانوني |
| 246 35 - VARYING FORM OF TITLE | |
| Title proper/short title | المعجم القانوني : |
| Remainder of title | إنكليزي - عربي : تفسير وتعريف المصطلحات الفقه الإنكليزي والأميركي (القديم والحديث) والطب الشرعي والتجارة والبنوك والتأمين والدبلوماسية وقوانين البترول والطيران المدني |
| 250 ## - EDITION STATEMENT | |
| Edition statement | 5th rev. ed., Reprinted ed. |
| 260 ## - PUBLICATION, DISTRIBUTION, ETC. (IMPRINT) | |
| Place of publication, distribution, etc | Beirut : |
| Name of publisher, distributor, etc | Librairie du Liban, |
| Date of publication, distribution, etc | 2014. |
| 300 ## - PHYSICAL DESCRIPTION | |
| Extent | 758 p. ; |
| Dimensions | 25 cm. |
| 500 ## - GENERAL NOTE | |
| General note | Reprint of the 2008ed.<br/> |
| 650 #7 - SUBJECT ADDED ENTRY--TOPICAL TERM | |
| Topical term or geographic name as entry element | Law |
| Form subdivision | Dictionaries |
| General subdivision | Arabic. |
| Source of heading or term | BUEsh |
| 650 #7 - SUBJECT ADDED ENTRY--TOPICAL TERM | |
| Topical term or geographic name as entry element | English language |
| Form subdivision | Dictionaries |
| General subdivision | Arabic. |
| Source of heading or term | BUEsh |
| 9 (RLIN) | 13838 |
| 651 ## - SUBJECT ADDED ENTRY--GEOGRAPHIC NAME | |
| Source of heading or term | BUEsh |
| 653 ## - INDEX TERM--UNCONTROLLED | |
| Resource For college | Law |
| -- | Humanities: English |
| Arrived date list | January2018 |
| -- | July2018 |
| 942 ## - ADDED ENTRY ELEMENTS (KOHA) | |
| Source of classification or shelving scheme | Dewey Decimal Classification |
| Withdrawn status | Item status | Source of classification or shelving scheme | Damaged status | Not for loan | Vendor | Home library | Current library | Shelving location | Date acquired | Source of acquisition | Cost, normal purchase price | Serial Enumeration / chronology | Total Checkouts | Full call number | Barcode | Date last seen | Cost, replacement price | Koha item type |
|---|---|---|---|---|---|---|---|---|---|---|---|---|---|---|---|---|---|---|
| Dewey Decimal Classification | Baccah | Central Library | Central Library | Ground Floor | 14/01/2018 | Purchase | 531.00 | 25868 | 340.03 FAR | 000042827 | 15/07/2025 | 664.00 | Reference (NB) | |||||
| Dewey Decimal Classification | Baccah | Central Library | Central Library | First floor | 19/07/2018 | Purchase | 664.00 | 340.03 FAR | 000043469 | 15/07/2025 | Reference (NB) |